000 00405nam a2200133Ia 4500
008 151001s9999||||xx |||||||||||||| ||und||
100 _aजयंत गाडगीळ
245 _aसमुद्राच्या पोटातील दुनिया
250 _a1
260 _bजयदीप प्रकाशन पुणे
260 _c2004
300 _a24
365 _b21
999 _c983113
_d983110